<?xml version="1.0" encoding="UTF-8"?>
<record
    xmlns:xsi="http://www.w3.org/2001/XMLSchema-instance"
    xsi:schemaLocation="http://www.loc.gov/MARC21/slim http://www.loc.gov/standards/marcxml/schema/MARC21slim.xsd"
    xmlns="http://www.loc.gov/MARC21/slim">

  <leader>00534nam a22002057a 4500</leader>
  <controlfield tag="005">20250910144044.0</controlfield>
  <controlfield tag="008">250910b        |||||||| |||| 00| 0 eng d</controlfield>
  <datafield tag="020" ind1=" " ind2=" ">
    <subfield code="a">9788119403059</subfield>
  </datafield>
  <datafield tag="040" ind1=" " ind2=" ">
    <subfield code="c">AL</subfield>
  </datafield>
  <datafield tag="041" ind1=" " ind2=" ">
    <subfield code="a">English</subfield>
  </datafield>
  <datafield tag="082" ind1=" " ind2=" ">
    <subfield code="a">346.03</subfield>
    <subfield code="b">RATL</subfield>
  </datafield>
  <datafield tag="100" ind1=" " ind2=" ">
    <subfield code="a">Ratanlal</subfield>
    <subfield code="9">238495</subfield>
  </datafield>
  <datafield tag="245" ind1=" " ind2=" ">
    <subfield code="a">Law of Torts</subfield>
  </datafield>
  <datafield tag="260" ind1=" " ind2=" ">
    <subfield code="a">Haryana</subfield>
    <subfield code="b">LexisNexis</subfield>
    <subfield code="c">2023</subfield>
  </datafield>
  <datafield tag="300" ind1=" " ind2=" ">
    <subfield code="a">880 p.</subfield>
    <subfield code="b">PB</subfield>
    <subfield code="c">24x16 cm.</subfield>
  </datafield>
  <datafield tag="365" ind1=" " ind2=" ">
    <subfield code="a">583</subfield>
    <subfield code="b">&#x20B9;896.25</subfield>
    <subfield code="c">&#x20B9;</subfield>
    <subfield code="d">&#x20B9;1195.00</subfield>
    <subfield code="e">25%</subfield>
    <subfield code="f">03-09-2025</subfield>
  </datafield>
  <datafield tag="650" ind1=" " ind2=" ">
    <subfield code="a">law</subfield>
    <subfield code="9">238496</subfield>
  </datafield>
  <datafield tag="700" ind1=" " ind2=" ">
    <subfield code="a">Dhirajlal</subfield>
    <subfield code="9">238497</subfield>
  </datafield>
  <datafield tag="942" ind1=" " ind2=" ">
    <subfield code="2">ddc</subfield>
    <subfield code="c">BK</subfield>
  </datafield>
  <datafield tag="999" ind1=" " ind2=" ">
    <subfield code="c">240420</subfield>
    <subfield code="d">240420</subfield>
  </datafield>
  <datafield tag="952" ind1=" " ind2=" ">
    <subfield code="0">0</subfield>
    <subfield code="1">0</subfield>
    <subfield code="2">ddc</subfield>
    <subfield code="4">0</subfield>
    <subfield code="7">0</subfield>
    <subfield code="8">Law</subfield>
    <subfield code="a">LL</subfield>
    <subfield code="b">LL</subfield>
    <subfield code="d">2025-09-10</subfield>
    <subfield code="e">MPP House Bengaluru-560009</subfield>
    <subfield code="g">896.25</subfield>
    <subfield code="l">4</subfield>
    <subfield code="o">346.03 RATL</subfield>
    <subfield code="p">LL002456</subfield>
    <subfield code="r">2025-11-14 12:21:41</subfield>
    <subfield code="s">2025-10-29</subfield>
    <subfield code="v">1195.00</subfield>
    <subfield code="w">2025-09-13</subfield>
    <subfield code="y">BK</subfield>
  </datafield>
  <datafield tag="952" ind1=" " ind2=" ">
    <subfield code="0">0</subfield>
    <subfield code="1">0</subfield>
    <subfield code="2">ddc</subfield>
    <subfield code="4">0</subfield>
    <subfield code="7">0</subfield>
    <subfield code="8">Law</subfield>
    <subfield code="a">LL</subfield>
    <subfield code="b">LL</subfield>
    <subfield code="d">2025-09-10</subfield>
    <subfield code="e">MPP House Bengaluru-560009</subfield>
    <subfield code="g">896.25</subfield>
    <subfield code="l">4</subfield>
    <subfield code="o">346.03 RATL</subfield>
    <subfield code="p">LL002457</subfield>
    <subfield code="r">2025-11-12 10:24:27</subfield>
    <subfield code="s">2025-11-03</subfield>
    <subfield code="v">1195.00</subfield>
    <subfield code="w">2025-09-13</subfield>
    <subfield code="y">BK</subfield>
  </datafield>
  <datafield tag="952" ind1=" " ind2=" ">
    <subfield code="0">0</subfield>
    <subfield code="1">0</subfield>
    <subfield code="2">ddc</subfield>
    <subfield code="4">0</subfield>
    <subfield code="7">0</subfield>
    <subfield code="8">Law</subfield>
    <subfield code="a">LL</subfield>
    <subfield code="b">LL</subfield>
    <subfield code="d">2025-09-10</subfield>
    <subfield code="e">MPP House Bengaluru-560009</subfield>
    <subfield code="g">896.25</subfield>
    <subfield code="l">3</subfield>
    <subfield code="o">346.03 RATL</subfield>
    <subfield code="p">LL002458</subfield>
    <subfield code="r">2025-11-03 13:46:50</subfield>
    <subfield code="s">2025-10-24</subfield>
    <subfield code="v">1195.00</subfield>
    <subfield code="w">2025-09-13</subfield>
    <subfield code="y">BK</subfield>
  </datafield>
  <datafield tag="952" ind1=" " ind2=" ">
    <subfield code="0">0</subfield>
    <subfield code="1">0</subfield>
    <subfield code="2">ddc</subfield>
    <subfield code="4">0</subfield>
    <subfield code="7">0</subfield>
    <subfield code="8">Law</subfield>
    <subfield code="a">LL</subfield>
    <subfield code="b">LL</subfield>
    <subfield code="d">2025-09-10</subfield>
    <subfield code="e">MPP House Bengaluru-560009</subfield>
    <subfield code="g">896.25</subfield>
    <subfield code="l">5</subfield>
    <subfield code="o">346.03 RATL</subfield>
    <subfield code="p">LL002459</subfield>
    <subfield code="r">2025-11-25 12:11:06</subfield>
    <subfield code="s">2025-11-20</subfield>
    <subfield code="v">1195.00</subfield>
    <subfield code="w">2025-09-13</subfield>
    <subfield code="y">BK</subfield>
  </datafield>
  <datafield tag="952" ind1=" " ind2=" ">
    <subfield code="0">0</subfield>
    <subfield code="1">0</subfield>
    <subfield code="2">ddc</subfield>
    <subfield code="4">0</subfield>
    <subfield code="7">0</subfield>
    <subfield code="8">Law</subfield>
    <subfield code="a">LL</subfield>
    <subfield code="b">LL</subfield>
    <subfield code="d">2025-09-10</subfield>
    <subfield code="e">MPP House Bengaluru-560009</subfield>
    <subfield code="g">896.25</subfield>
    <subfield code="l">3</subfield>
    <subfield code="m">1</subfield>
    <subfield code="o">346.03 RATL</subfield>
    <subfield code="p">LL002460</subfield>
    <subfield code="r">2025-11-21 12:47:11</subfield>
    <subfield code="s">2025-10-31</subfield>
    <subfield code="v">1195.00</subfield>
    <subfield code="w">2025-09-13</subfield>
    <subfield code="y">BK</subfield>
  </datafield>
  <datafield tag="952" ind1=" " ind2=" ">
    <subfield code="0">0</subfield>
    <subfield code="1">0</subfield>
    <subfield code="2">ddc</subfield>
    <subfield code="4">0</subfield>
    <subfield code="7">0</subfield>
    <subfield code="8">Law</subfield>
    <subfield code="a">LL</subfield>
    <subfield code="b">LL</subfield>
    <subfield code="d">2025-09-10</subfield>
    <subfield code="e">MPP House Bengaluru-560009</subfield>
    <subfield code="g">896.25</subfield>
    <subfield code="l">2</subfield>
    <subfield code="o">346.03 RATL</subfield>
    <subfield code="p">LL002461</subfield>
    <subfield code="r">2025-10-14 12:45:55</subfield>
    <subfield code="s">2025-10-03</subfield>
    <subfield code="v">1195.00</subfield>
    <subfield code="w">2025-09-13</subfield>
    <subfield code="y">BK</subfield>
  </datafield>
  <datafield tag="952" ind1=" " ind2=" ">
    <subfield code="0">0</subfield>
    <subfield code="1">0</subfield>
    <subfield code="2">ddc</subfield>
    <subfield code="4">0</subfield>
    <subfield code="7">0</subfield>
    <subfield code="8">Law</subfield>
    <subfield code="a">LL</subfield>
    <subfield code="b">LL</subfield>
    <subfield code="d">2025-09-10</subfield>
    <subfield code="e">MPP House Bengaluru-560009</subfield>
    <subfield code="g">896.25</subfield>
    <subfield code="l">2</subfield>
    <subfield code="o">346.03 RATL</subfield>
    <subfield code="p">LL002462</subfield>
    <subfield code="r">2025-11-29 09:17:21</subfield>
    <subfield code="s">2025-11-20</subfield>
    <subfield code="v">1195.00</subfield>
    <subfield code="w">2025-09-13</subfield>
    <subfield code="y">BK</subfield>
  </datafield>
  <datafield tag="952" ind1=" " ind2=" ">
    <subfield code="0">0</subfield>
    <subfield code="1">0</subfield>
    <subfield code="2">ddc</subfield>
    <subfield code="4">0</subfield>
    <subfield code="7">0</subfield>
    <subfield code="8">Law</subfield>
    <subfield code="a">LL</subfield>
    <subfield code="b">LL</subfield>
    <subfield code="d">2025-09-10</subfield>
    <subfield code="e">MPP House Bengaluru-560009</subfield>
    <subfield code="g">896.25</subfield>
    <subfield code="l">3</subfield>
    <subfield code="o">346.03 RATL</subfield>
    <subfield code="p">LL002463</subfield>
    <subfield code="r">2025-11-14 09:44:35</subfield>
    <subfield code="s">2025-10-31</subfield>
    <subfield code="v">1195.00</subfield>
    <subfield code="w">2025-09-13</subfield>
    <subfield code="y">BK</subfield>
  </datafield>
  <datafield tag="952" ind1=" " ind2=" ">
    <subfield code="0">0</subfield>
    <subfield code="1">0</subfield>
    <subfield code="2">ddc</subfield>
    <subfield code="4">0</subfield>
    <subfield code="7">0</subfield>
    <subfield code="8">Law</subfield>
    <subfield code="a">LL</subfield>
    <subfield code="b">LL</subfield>
    <subfield code="d">2025-09-10</subfield>
    <subfield code="e">MPP House Bengaluru-560009</subfield>
    <subfield code="g">896.25</subfield>
    <subfield code="l">3</subfield>
    <subfield code="o">346.03 RATL</subfield>
    <subfield code="p">LL002464</subfield>
    <subfield code="r">2025-11-25 13:43:18</subfield>
    <subfield code="s">2025-11-20</subfield>
    <subfield code="v">1195.00</subfield>
    <subfield code="w">2025-09-13</subfield>
    <subfield code="y">BK</subfield>
  </datafield>
  <datafield tag="952" ind1=" " ind2=" ">
    <subfield code="0">0</subfield>
    <subfield code="1">0</subfield>
    <subfield code="2">ddc</subfield>
    <subfield code="4">0</subfield>
    <subfield code="7">0</subfield>
    <subfield code="8">Law</subfield>
    <subfield code="a">LL</subfield>
    <subfield code="b">LL</subfield>
    <subfield code="d">2025-09-10</subfield>
    <subfield code="e">MPP House Bengaluru-560009</subfield>
    <subfield code="g">896.25</subfield>
    <subfield code="l">3</subfield>
    <subfield code="o">346.03 RATL</subfield>
    <subfield code="p">LL002465</subfield>
    <subfield code="r">2025-10-31 10:43:11</subfield>
    <subfield code="s">2025-10-25</subfield>
    <subfield code="v">1195.00</subfield>
    <subfield code="w">2025-09-13</subfield>
    <subfield code="y">BK</subfield>
  </datafield>
</record>
